000 nam a22 7a 4500
999 _c233454
_d233454
003 Nust
005 20170308101918.0
008 170308b xxu||||| |||| 00| 0 eng d
040 _c0
050 _a363.7 ALI
082 _a363.7 ALI
100 _aMuhammad Saqib Ali
245 _aConcrete (Pavements / Roads) With Titanium Dioxide As A Photo-Catalyst For Removing Nox (Nitrogen Oxides) From The Ambient Environment
_cMuhammad Saqib Ali
260 _aIslamabad
_bIESE (SCEE) NUST
_c2016.
300 _a54 p.
_bHB.
440 _aMS Environmental Science
500 _aThesis MS ES
650 _aEnvironmental Science
700 _4Dr. Ishtiaq A Qazi (Supervisor)
942 _2ddc
_cTHE
_kIESE